000 00645nam a2200241 4500
001 2029
010 _a9789892365213
021 _aPT
_b436559/18
090 _a2029
100 _a20260113d2025 c||y0pory50030103ba
101 _apor
102 _aPT
200 _aMãe, Querida mãe!
_fLuísa Ducla Soares
_gil. Sandra Serra
205 _a2ª edição
210 _aAlfragide
_cASA
_d2025
215 _a[12] p.
_cil.
_d23 cm
300 _aBMB-Registado
606 _9863
_aLiteratura Infantil
675 _a087.5
_vBMB
_zpor
700 _91362
_aSoares
_bLuisa Ducla
_f1939-
702 _aSerra
_bSandra
_f1991-
_4440
_91369
801 _aPT
_bBMB
_gRPC
990 _cLIVROS